000 00640nab a2200193 4500
001 244442
003 OSt
005 20260115141852.0
007 tu
008 260115s2020|||||||
040 _aDE-2950
_cDE-2950
245 0 0 _aEV Cargo gibt Standort auf
_bWirtschaft. Vom Alcaro-Logistikpark in Frankfurt aus beliefert das Unternehmen die Tesla-Gigafactory mit Batterien. Jetzt zieht die Firma aus/
_cThomas Gutke
264 _c2025
653 _aFrankfurt (Oder)
653 _aEV Cargo
653 _aBetriebsschließung
773 0 _g37. Jahrgang (2026) Nr. 11 vom 14.01.2026 , S. 15 mit Foto
_tMärkische Oderzeitung
942 _2z
_cA
999 _c374208
_d374208